| 000 -LEADER |
| fixed length control field |
01331pab a2200193 454500 |
| 008 - FIXED-LENGTH DATA ELEMENTS--GENERAL INFORMATION |
| fixed length control field |
180718b2011 xxu||||| |||| 00| 0 eng d |
| 100 ## - MAIN ENTRY--PERSONAL NAME |
| Personal name |
Ramabrahman, I |
| 245 ## - TITLE STATEMENT |
| Title |
Combating corruption: The need for strengthening anti corruption bureau |
| 260 ## - PUBLICATION, DISTRIBUTION, ETC. |
| Date of publication, distribution, etc. |
2011 |
| 300 ## - PHYSICAL DESCRIPTION |
| Extent |
p.710-720. |
| 362 ## - DATES OF PUBLICATION AND/OR SEQUENTIAL DESIGNATION |
| Dates of publication and/or sequential designation |
Jul-Sep |
| 520 ## - SUMMARY, ETC. |
| Summary, etc. |
Over 50 years ago Andhra Pradesh established an ACB and it developed some good practices. But due to globalisation and introduction of neo-liberal policies the scale of corruption and opportunities to indulge in have considerably increased. Can the ACBs in their current structure with suboptimal human resource, low budgetary support, lack pf access to best technologies discharge their functions? What challenges are these facing now?Can there be new agenda for the ACBs in general with the prosect of Lokpal at the national level and reinvigorated Lokayukta on the anvil? This article focuses on the current practices of ACB to check corruption in administration and attemts to present, an assesment along with a futuristic perspective on how organisational reengineering can be thought of. - Reproduced. |
| 650 ## - SUBJECT ADDED ENTRY--TOPICAL TERM |
| Topical term or geographic name entry element |
Corruption - India |
| 650 ## - SUBJECT ADDED ENTRY--TOPICAL TERM |
| Topical term or geographic name entry element |
Corruption |
| 700 ## - ADDED ENTRY--PERSONAL NAME |
| Personal name |
Pani, Biswachintamni Ambika Prasad |
| 773 ## - HOST ITEM ENTRY |
| Main entry heading |
Indian Journal of Public Administration |
| 908 ## - PUT COMMAND PARAMETER (RLIN) |
| Put command parameter |
N |
| 909 ## - |
| -- |
94204 |